Estatísticas para Participantes do Big Brother Brasil 23

Clique aqui para jogar o quiz

Estatísticas Gerais

  • Esse quiz foi jogado 22 vezes
  • A pontuação média é 15 de 22

Estatísticas das Respostas

ColocaçãoParticipante% Correto
Amanda Meirelles
95%
DesclassificadoAntônio Júnior (Cara de Sapato)
95%
Bruna Griphao
95%
DesclassificadoGuilherme Pinho (MC Guimê)
89%
Aline Wirley
84%
12ºBruno Carneiro (Fred)
79%
Fred Nicácio
79%
Larissa Santos
79%
DesistenteBruno Nogueira
74%
13ªKey Alves
74%
Cezar Black
68%
Ricardo Camargo
68%
14ºGustavo Benedeti
63%
17ªTina Calamba
63%
Domitila Barros
58%
18ºGabriel Tavares
58%
Sarah Aline
58%
15ºCristian Vanelli
53%
11ºGabriel Santana
53%
19ªMarília Oliveira
47%
16ªPaula Freitas
42%
10ªKassia Marvvila
32%

Distribuição das Pontuações

Percentil de Números Respondidos

Porcentagem de Pessoas com Cada Pontuação

Sua Pontuação Histórica

Você não jogou esse quiz